000 01142naa a22003377a 4500
001 BR7804930
003 BR-BrBNA
005 20240918174147.0
007 ta
008 230509b bl.||||| |||| 00| 0 por d
040 _aBR-BrBNA
_bpor
_cBiblioteca Nacional de Agricultura
041 _a(Pt)
072 _aF30
_b1410
_bG514
090 _aF30 BR7804930
100 1 _aRamalho, M.A.P.
100 1 _aSanta Cecilia, F.C.
100 1 _aAndrade, M.A. de
100 1 _aLima, L.A. de P.
100 1 _aSantos, J.B. dos
245 1 _aSegundo ciclo de selecao de progenie na variedade de feijao pintado [Phaseolus vulgaris; Brasil]
260 3 _aBelo Horizonte, MG (Brasil):
_c1978.
500 _aProjeto feijao. Relatorio 75/76 Belo Horizonte, MG (Brasil): 1978. p. 50-54 (BR7804930-AM)F30
650 _aMelhoramento genetico vegetal
650 _aFeijao
650 _aCompeticao de variedade
650 _aTeste de progenie
650 _aSelecao genetica
773 0 _tProjeto feijao. Relatorio 75/76
_wF30 BR7804930
_gBelo Horizonte, MG (Brasil), 1978. p. 50-54
909 _a202404
_bLucia
_c55
_dLucia Elande
942 _cAM
_2AGRIS
999 _c309292
_d309292